Normal view
MARC view
Entry Personal Name
001 - CONTROL NUMBER
- control field: 45000
003 - CONTROL NUMBER IDENTIFIER
- control field: OSt
005 - DATE AND TIME OF LATEST TRANSACTION
- control field: 20230524205714.0
008 - FIXED-LENGTH DATA ELEMENTS
- fixed length control field: 230524|| aca||aabn | a|a d
040 ## - CATALOGING SOURCE
- Original cataloging agency: OSt
- Transcribing agency: OSt
100 ## - HEADING--PERSONAL NAME
- Personal name: www.madeeasypublications.org
670 ## - SOURCE DATA FOUND
- Source citation: Work cat.: (OSt)60605: www.madeeasypublications.org, Mechanical Engineering GATE 2020, 2019
